Kamárati buďme, dlhy si plaťme...

Pohľad na najvhodnejšie nástroje pre vymáhanie pohľadávok pre firmy: prevencia, poistenie a štandardný platobný príkaz. Najrozšírenejší spôsob je faktoring. Je to nástroj na riešenie pravidelných úhrad pohľadávok. Nový produkt bezregresný faktoring je založený na prevádzkovom financovaní voči odbera...

ver descrição completa

Na minha lista:
Detalhes bibliográficos
Autor principal: Molný, Radoslav
Formato: Capítulo de Livro
Idioma:eslovaco
Assuntos:
Tags: Adicionar Tag
Sem tags, seja o primeiro a adicionar uma tag!

MARC

LEADER 00000naa a2200000 4500
001 0234649
005 20170727123139.3
041 0 |a slo 
044 |a SK 
245 1 0 |a Kamárati buďme, dlhy si plaťme...  |c Radoslav Molný 
520 |a Pohľad na najvhodnejšie nástroje pre vymáhanie pohľadávok pre firmy: prevencia, poistenie a štandardný platobný príkaz. Najrozšírenejší spôsob je faktoring. Je to nástroj na riešenie pravidelných úhrad pohľadávok. Nový produkt bezregresný faktoring je založený na prevádzkovom financovaní voči odberateľom, s minimálnym rizikom neuhradenia pohľadávok odberateľom pri jeho platobnej neschopnosti alebo nevôli. 
610 2 0 |a dlhy 
610 2 0 |a insolventnosť 
610 2 0 |a faktoring 
610 2 0 |a vymáhanie pohľadávok 
610 2 0 |a faktúry 
100 1 |a Molný, Radoslav